00574nam a22001817a 450000500170000001000150001702000260003203500170005803500130007503700230008803700130011108200160012410000220014024500960016226000330025827000810029130000200037220160908114743.0 aENG-115935 a9780670086351c599.00 aB-606031-044 aEN-99467 adplbBlueberry/Ven bDBAD/PUB a796.3580954 aGuha, Ramachandra aA corner of a foreign field :cby Ramachandra Guhabthe Indian history of a british sport / aGurgaonbPenguin Groupc2014 a7th Floor, Infinity Tower C, DLF Cyber CitybGurgaone122002, Haryana, India a525p.c22cm(Hb)